| 000 | 00732nam a22002890a 4500 | ||
|---|---|---|---|
| 001 | PT59656 | ||
| 003 | AR-LpoUNG | ||
| 005 | 20210131231927.0 | ||
| 008 | 191001s2008||||ag |||||||||||||||||spa d | ||
| 020 |
_a9789501124255 _c$12,50 |
||
| 040 |
_aAR-LpoUNG _bspa _cAR-LpoUNG _eaacr |
||
| 041 | _aspa | ||
| 044 | _aag | ||
| 082 | 0 | _a808.068 3 473con | |
| 100 | 1 | _aVera, Paula | |
| 245 | 1 | 0 | _aContando estrellas |
| 250 | _a1ra. ed. | ||
| 260 |
_aBuenos Aires : _bSigmar, _c2008. |
||
| 300 |
_a[8] p. : _bil. |
||
| 505 | 0 | _aSugerido a partir de 0 aƱos (etiqueta ROJA) | |
| 650 | 4 | _aCUENTOS | |
| 650 | 4 | _aLITERATURA | |
| 653 | _aLITERATURA INFANTIL | ||
| 700 | 1 |
_aNagy, Krisztina _eil. |
|
| 905 | _a59656 | ||
| 942 | _cLIB | ||
| 999 |
_c12679 _d12679 |
||